Rozvoj zdravotníctva v SSR v roku 1978
Guardado en:
| Formato: | Libro |
|---|---|
| Lenguaje: | eslovaco |
| Publicado: |
Bratislava
Ústav zdravotníckej štatistiky
1979
|
| Etiquetas: |
Sin Etiquetas, Sea el primero en etiquetar este registro!
|
MARC
| LEADER | 00000nam a2200000 4500 | ||
|---|---|---|---|
| 001 | 0230360 | ||
| 005 | 20240822101706.5 | ||
| 041 | 0 | |a slo | |
| 044 | |a SK | ||
| 245 | 1 | 0 | |a Rozvoj zdravotníctva v SSR v roku 1978 |
| 264 | 1 | |a Bratislava |b Ústav zdravotníckej štatistiky |c 1979 | |
| 300 | |a 63 s. | ||